000 01270cam a2200325 a 4500
001 4889740
003 OSt
005 20170518102927.0
008 931008s1994 nyua b 001 0 eng
010 _a 93040042
020 _a0070327157 (recycled, acidfree paper) :
_c$24.95
040 _aMMU
_cMMU
_dMMU
_beng
050 0 0 _aHD62.15
_b.J65 1994
082 0 0 _a658.4
_220
100 1 _aJoiner, Brian L.
245 1 0 _aFourth generation management :
_bthe new business consciousness /
_cBrian L. Joiner in collaboration with Sue Reynard ; with contributions from Yukihiro Ando ... [et al.].
260 _aNew York :
_bMcGraw-Hill,
_cc1994.
300 _axiii, 289 p. :
_bill. ;
_c24 cm.
504 _aIncludes bibliographical references (p. 271-282) and index.
650 0 _aTotal quality management.
650 0 _aOrganizational change.
650 0 _aStrategic planning.
700 1 _aReynard, Sue.
700 1 _aAndo, Yukihiro.
740 0 _a4th generation management.
856 4 1 _3Table of contents
_uhttp://www.loc.gov/catdir/toc/mh022/93040042.html
906 _a7
_bcbc
_corignew
_d1
_eocip
_f19
_gy-gencatlg
942 _2lcc
_cLOAN LOAN
999 _c23537
_d23537